[Event "India Cities-ch 19th"]
[Site "Khalpara"]
[Date "2018.08.03"]
[Round "5.4"]
[White "Sougata, Singha"]
[Black "Khan, Niroz"]
[Result "1-0"]
[WhiteElo "1378"]
[BlackElo "1376"]
[PlyCount "85"]
[EventDate "2018.08.01"]
[EventType "team-swiss"]
[EventRounds "7"]
[EventCountry "IND"]
[SourceTitle "CBM 186 Extra"]
[Source "ChessBase"]
[SourceDate "2018.08.24"]
[SourceVersion "1"]
[SourceVersionDate "2018.08.24"]
[SourceQuality "1"]
[WhiteTeam "Jalpaiguri Kings"]
[BlackTeam "Kishanganj Cities"]
[WhiteTeamCountry "IND"]
[BlackTeamCountry "IND"]

1. Nf3 g6 2. g3 Bg7 3. Bg2 d5 4. d4 c5 5. c3 cxd4 6. cxd4 Nc6 7. Nc3 e6 8. 0-0 Nf6 9. Bf4 0-0 10. Rc1 a6 11. Qc2 Nh5 12. Be3 f5 13. Bg5 Nxd4 14. Bxd8 Nxc2 15. Be7 Nd4 16. Bxf8 Kxf8 17. e3 Nc6 18. Rfd1 Nf6 19. a3 Ne8 20. Rd2 Nd6 21. Rdc2 Bd7 22. Ne2 Nb5 23. Nd2 Rd8 24. Nb3 Ke7 25. Nc5 Rb8 26. h4 Kd6 27. Nf4 Nba7 28. Rd2 Ne7 29. e4 d4 30. e5+ Bxe5 31. Nxb7+ Rxb7 32. Bxb7 Bg7 33. Ne2 e5 34. f4 Ke6 35. fxe5 Bxe5 36. Nxd4+ Kf6 37. Nf3 Bb5 38. Nxe5 Kxe5 39. Re1+ Kf6 40. Rd6+ Kf7 41. Bxa6 Ba4 42. Bc4+ Ke8 43. Ra6 1-0